<?xml version="1.0" encoding="UTF-8"?>
<record
    xmlns:xsi="http://www.w3.org/2001/XMLSchema-instance"
    xsi:schemaLocation="http://www.loc.gov/MARC21/slim http://www.loc.gov/standards/marcxml/schema/MARC21slim.xsd"
    xmlns="http://www.loc.gov/MARC21/slim">

  <leader>00856nam a22001937a 4500</leader>
  <controlfield tag="005">20240729115317.0</controlfield>
  <datafield tag="010" ind1=" " ind2=" ">
    <subfield code="a">HIN-128006</subfield>
  </datafield>
  <datafield tag="020" ind1=" " ind2=" ">
    <subfield code="c">550.00</subfield>
    <subfield code="a">9788195207404</subfield>
  </datafield>
  <datafield tag="035" ind1=" " ind2=" ">
    <subfield code="a">HN-100352</subfield>
  </datafield>
  <datafield tag="037" ind1=" " ind2=" ">
    <subfield code="b">DBAD</subfield>
  </datafield>
  <datafield tag="082" ind1=" " ind2=" ">
    <subfield code="a">420</subfield>
  </datafield>
  <datafield tag="100" ind1=" " ind2=" ">
    <subfield code="a">&#x92E;&#x947;&#x935;&#x93E;&#x924;&#x940;, &#x92E;&#x93E;&#x91C;&#x93F;&#x926;</subfield>
    <subfield code="9">69014</subfield>
  </datafield>
  <datafield tag="245" ind1=" " ind2=" ">
    <subfield code="a">&#x939;&#x93F;&#x928;&#x94D;&#x926;&#x940; &#x936;&#x93F;&#x915;&#x94D;&#x937;&#x923; : &#x935;&#x93F;&#x935;&#x93F;&#x927; &#x906;&#x92F;&#x93E;&#x92E;/</subfield>
    <subfield code="c">&#x92E;&#x93E;&#x91C;&#x93F;&#x926; &#x92E;&#x947;&#x935;&#x93E;&#x924;&#x940;</subfield>
  </datafield>
  <datafield tag="260" ind1=" " ind2=" ">
    <subfield code="a">&#x926;&#x93F;&#x932;&#x94D;&#x932;&#x940;,</subfield>
    <subfield code="b">&#x938;&#x92E;&#x940;&#x915;&#x94D;&#x937;&#x93E; &#x92A;&#x92C;&#x94D;&#x932;&#x93F;&#x915;&#x947;&#x936;&#x928;</subfield>
    <subfield code="c">2021</subfield>
  </datafield>
  <datafield tag="270" ind1=" " ind2=" ">
    <subfield code="a">&#x90F;&#x915;&#x94D;&#x938;/3284&#x90F;, &#x917;&#x932;&#x940; &#x928;&#x966; 4, &#x930;&#x918;&#x941;&#x92C;&#x930;&#x92A;&#x941;&#x930;&#x93E; &#x928;&#x902;.-2, &#x917;&#x93E;&#x902;&#x927;&#x940;&#x928;&#x917;&#x930;, </subfield>
    <subfield code="b">&#x926;&#x93F;&#x932;&#x94D;&#x932;&#x940;</subfield>
    <subfield code="e">110031</subfield>
    <subfield code="m">samikshapublications78@gmail.com</subfield>
  </datafield>
  <datafield tag="300" ind1=" " ind2=" ">
    <subfield code="a">184&#x92A;&#x943;.</subfield>
    <subfield code="c">22&#x938;&#x947;&#x92E;&#x940;.(&#x938;&#x91C;&#x93F;&#x932;&#x94D;&#x926;)</subfield>
  </datafield>
  <datafield tag="650" ind1=" " ind2=" ">
    <subfield code="a">&#x939;&#x93F;&#x928;&#x94D;&#x926;&#x940;  </subfield>
    <subfield code="9">69015</subfield>
  </datafield>
  <datafield tag="942" ind1=" " ind2=" ">
    <subfield code="2">ddc</subfield>
    <subfield code="c">HN</subfield>
    <subfield code="h">420</subfield>
    <subfield code="m">&#x92E;&#x947;&#x935;&#x93E;&#x924;&#x940;</subfield>
  </datafield>
  <datafield tag="999" ind1=" " ind2=" ">
    <subfield code="c">204209</subfield>
    <subfield code="d">204209</subfield>
  </datafield>
  <datafield tag="952" ind1=" " ind2=" ">
    <subfield code="0">0</subfield>
    <subfield code="1">0</subfield>
    <subfield code="4">0</subfield>
    <subfield code="7">0</subfield>
    <subfield code="8">NFIC</subfield>
    <subfield code="a">NPL</subfield>
    <subfield code="b">NPL</subfield>
    <subfield code="d">2024-07-19</subfield>
    <subfield code="e">DBAD</subfield>
    <subfield code="g">550.00</subfield>
    <subfield code="l">0</subfield>
    <subfield code="o">420 &#x92E;&#x947;&#x935;&#x93E;&#x924;&#x940;</subfield>
    <subfield code="p">HN-100352</subfield>
    <subfield code="r">2024-07-19 00:00:00</subfield>
    <subfield code="t">1</subfield>
    <subfield code="v">550.00</subfield>
    <subfield code="w">2024-07-19</subfield>
    <subfield code="y">HN</subfield>
  </datafield>
</record>
